Educational research contemporary issues and practical approaches

Guardat en:
Dades bibliogràfiques
Autor principal: WELLINGTON, Jerry
Format: Llibre
Idioma:anglès
Publicat: Bloomsburry Academic 2015
Etiquetes: Afegir etiqueta
Sense etiquetes, Sigues el primer a etiquetar aquest registre!

MARC

LEADER 00000nam a22000007a 4500
008 210907b ||||| |||| 00| 0 eng d
020 |a 9781472534705 
100 |a WELLINGTON, Jerry 
245 |a Educational research contemporary  |b issues and practical approaches  |c Jerry Wellinghton  |g xv, 368p;ill 
250 |b 2nd 
260 |b Bloomsburry Academic  |c 2015  |h London  |i 696818  |i 696819  |l LB1028.W44  |m Education research 
500 |a it includes references 
942 |a lcc  |c BK  |e Johnson  |f 07/08/21 
952 |0 0  |1 0  |2 lcc  |4 0  |6 LB1028  |7 0  |9 3424  |a ED  |b HOL  |c LP  |d 2021-09-07  |l 0  |o LB1028  |p 2021-67131  |r 2021-09-07 00:00:00  |w 2021-09-07  |y BK 
952 |0 0  |1 0  |2 lcc  |4 0  |6 LB1028  |7 0  |9 3425  |a HOL  |b HOL  |c LP  |d 2021-09-07  |l 0  |o LB1028  |p 2021-67132  |r 2021-09-07 00:00:00  |w 2021-09-07  |y BK 
999 |c 1707  |d 1707